Collective behavior / (Record no. 1550)
[ view plain ]
| 000 -LEADER | |
|---|---|
| fixed length control field | 01984nam a22003491 4500 |
| 001 - CONTROL NUMBER | |
| control field | 1550 |
| 003 - CONTROL NUMBER IDENTIFIER | |
| rucl marc code | BD-RjUL |
| 005 - DATE AND TIME OF LATEST TRANSACTION | |
| control field | 20211208233346.0 |
| 008 - FIXED-LENGTH DATA ELEMENTS--GENERAL INFORMATION | |
| fixed length control field | 131208s1938 nyu sb 001 0 eng d |
| 035 ## - SYSTEM CONTROL NUMBER | |
| System control number | (BD-RjUL)1575 |
| 040 ## - CATALOGING SOURCE | |
| Original cataloging agency | DcWaAPA |
| Modifying agency | UtOrBLW |
| -- | BD-RjUL |
| Language of cataloging | eng |
| Transcribing agency | BD-RjUL |
| 041 ## - LANGUAGE CODE | |
| Language code of text/sound track or separate title | eng |
| 082 ## - DEWEY DECIMAL CLASSIFICATION NUMBER | |
| Edition number | 21 |
| Classification number | 302 |
| Author mark and year | LAC |
| 100 1# - MAIN ENTRY--PERSONAL NAME | |
| Personal name | LaPiere, Richard T. |
| Fuller form of name | (Richard Tracy), |
| Dates associated with a name | 1899-1986. |
| 9 (RLIN) | 5121 |
| 245 10 - TITLE STATEMENT | |
| Title | Collective behavior / |
| Statement of responsibility, etc. | by Richard T. LaPiere. |
| 250 ## - EDITION STATEMENT | |
| Edition statement | 1st ed. |
| 260 ## - PUBLICATION, DISTRIBUTION, ETC. (IMPRINT) | |
| Place of publication, distribution, etc. | New York ; |
| -- | London : |
| Name of publisher, distributor, etc. | McGraw-Hill, |
| Date of publication, distribution, etc. | 1938 |
| 300 ## - PHYSICAL DESCRIPTION | |
| Pagination | 1 online resource (xiii, 577 p.) ; |
| Size | 23 cm |
| 490 1# - SERIES STATEMENT | |
| Series statement | Mc graw-hill series in sociology and Anthropology |
| Series statement | McGraw-Hill publications in sociology. |
| 500 ## - GENERAL NOTE | |
| General note | Available via EBSCOhost. |
| General note | Includes author and subject index. |
| 504 ## - BIBLIOGRAPHY, ETC. NOTE | |
| Bibliography, etc | Includes bibliographical references. |
| 520 ## - SUMMARY, ETC. | |
| Summary, etc. | "This book was undertaken in the belief that it is now feasible to give more than passing consideration to the problem of the social interactions in which the individual develops his personality and in which he manifests that personality. Data have been accumulating here and there, data which are often conflicting, unrelated, and incomplete but which are in the mass nevertheless impressive. It has been my aim to bring these data together, to supplement them with the results of general observation, and to build therefrom a tentative frame of reference for further study. In accordance with considerable precedent, I have designated this field of sociopsychological inquiry "collective behavior"--Preface. (PsycINFO Database Record (c) 2006 APA, all rights reserved) |
| 650 #0 - SUBJECT ADDED ENTRY--TOPICAL TERM | |
| Topical term or geographic name as entry element | Social psychology. |
| 9 (RLIN) | 5087 |
| Topical term or geographic name as entry element | Psychology, Social. |
| 9 (RLIN) | 5122 |
| 690 ## - LOCAL SUBJECT ADDED ENTRY--TOPICAL TERM (OCLC, RLIN) | |
| Topical term or geographic name as entry element | Electronic resources. |
| 710 2# - ADDED ENTRY--CORPORATE NAME | |
| Corporate name or jurisdiction name as entry element | EBSCOhost (Online service) |
| 9 (RLIN) | 5123 |
| 830 #0 - SERIES ADDED ENTRY--UNIFORM TITLE | |
| Uniform title | PsycBOOKS. |
| 856 40 - ELECTRONIC LOCATION AND ACCESS | |
| Public note | online book |
| Uniform Resource Identifier | <a href="http://search.ebscohost.com.ezproxy.bu.edu/direct.asp?db=pzh&jid=%22200604541%22&scope=site">http://search.ebscohost.com.ezproxy.bu.edu/direct.asp?db=pzh&jid=%22200604541%22&scope=site</a> |
| 942 ## - ADDED ENTRY ELEMENTS (KOHA) | |
| Source of classification or shelving scheme | Dewey Decimal Classification |
| Koha item type | Books |
| Lost status | Source of classification or shelving scheme | Damaged status | Not for loan | Collection code | Permanent Location | Current Location | Shelving location | Date acquired | Source of acquisition | Cost, normal purchase price | Total Checkouts | Full call number | Date last seen | Copy number | Koha item type |
|---|---|---|---|---|---|---|---|---|---|---|---|---|---|---|---|
| Dewey Decimal Classification | Not For Loan | Non-fiction | Central Library, University of Rajshahi | Central Library, University of Rajshahi | Reading Room | 11/10/1955 | Allias books cor | 34.20 | 302 LAC 1938 | 08/12/2013 | C-1 | Books |